00761nam a2200217Ia 450000100060000000300090000600500170001500800410003202000220007304000280009504100080012308200140013110000350014524501390018026000460031930000180036565000170038394200120040099900170041295201140042919597DO-CoUTE20260204212606.0220104s9999 dr 000 0 spa d a978-958-9290-75-0 aDO-CoUTEbspacDO-CoUTE0 aspa a630 M973c1 aMurcia Cabra, Héctor Horacio10aCreatividad empresarial para la educación agropecuaria:relaciones con el universo de la innovación / Héctor Horacio Murcia Cabra aBogotá, Colombia:Universidad De La Sale a311 páginas 4aAgropecuaria 2ddccBK c20951d20951 00102ddc42708CGaBUbBUd2021-01-02i019550o630 M973cp019550r2022-03-30 00:00:00tEj.1w2021-01-03yBK